Т. 3 : Оптика. Атомная физика; Курс общей физики

Библиографические подробности
Источник:Курс общей физики: учебник/ С. Э. Фриш, А. В. Тиморева. Т. 3 : Оптика. Атомная физика.— , 1959-
Примечания:Трехтомный «Курс общей физики», написанный совместно С. Э. Фришем (1899-1977) и А. В. Тиморевой (1902-1995), в течение многих лет был одним из основных курсов физики, выдержал множество переизданий, в том числе на иностранных языках. Учебник отличается ясностью логики и алгоритма изложения, простотой подачи материала. В третьем томе содержится изложение материалов по оптике и атомной физике. Учебник рекомендован для студентов технических вузов и университетов.
Язык:русский
Опубликовано: 1959
Издание:5-е изд., стер.
Предметы:
Формат: MixedMaterials Книга
Запись в KOHA:https://koha.lib.tpu.ru/cgi-bin/koha/opac-detail.pl?biblionumber=260948

MARC

LEADER 00000nam2a2200000 4500
001 260948
005 20231101233525.0
035 |a (RuTPU)RU\TPU\book\283919 
035 |a RU\TPU\book\284299 
035 |a RU\TPU\book\282969 
035 |a RU\TPU\book\284337 
035 |a RU\TPU\book\283919 
090 |a 260948 
100 |a 20140522d1959 m y0rusy50 ca 
101 0 |a rus 
102 |a RU 
105 |a a j 001zy 
200 0 |a Т. 3 : Оптика. Атомная физика 
205 |a 5-е изд., стер. 
210 |d 1959 
215 |a 608 с.  |c ил. 
320 |a Алф. указ.: с. 601-608. 
330 |a Трехтомный «Курс общей физики», написанный совместно С. Э. Фришем (1899-1977) и А. В. Тиморевой (1902-1995), в течение многих лет был одним из основных курсов физики, выдержал множество переизданий, в том числе на иностранных языках. Учебник отличается ясностью логики и алгоритма изложения, простотой подачи материала. В третьем томе содержится изложение материалов по оптике и атомной физике. Учебник рекомендован для студентов технических вузов и университетов. 
461 1 |0 (RuTPU)RU\TPU\book\41738  |t Курс общей физики  |o учебник  |o в 3 томах  |f С. Э. Фриш, А. В. Тиморева  |v Т. 3 : Оптика. Атомная физика  |d 1959-  
606 1 |a Физика  |2 stltpush  |3 (RuTPU)RU\TPU\subj\63709  |9 80688 
610 1 |a оптика 
610 1 |a атомная физика 
610 1 |a дифракция 
610 1 |a интерференция 
610 1 |a атомы 
610 1 |a молекулы 
610 1 |a квантовая механика 
610 1 |a ядра 
610 1 |a нейроны 
610 1 |a мезоны 
610 1 |a ядерная энергетика 
610 1 |a свет 
610 1 |a изотропные вещества 
610 1 |a анизотропные вещества 
610 1 |a движущиеся тела 
610 1 |a световые потоки 
610 1 |a лучевая оптика 
610 1 |a фотоны 
610 1 |a учебники 
610 1 |a оптика 
610 1 |a атомная физика 
610 1 |a дифракция 
610 1 |a интерференция 
610 1 |a атомы 
610 1 |a молекулы 
610 1 |a квантовая механика 
610 1 |a ядра 
610 1 |a нейроны 
610 1 |a мезоны 
610 1 |a ядерная энергетика 
610 1 |a свет 
610 1 |a изотропные вещества 
610 1 |a анизотропные вещества 
610 1 |a движущиеся тела 
610 1 |a световые потоки 
610 1 |a лучевая оптика 
610 1 |a фотоны 
610 1 |a учебники 
675 |a 53(075.8)  |v 3 
675 |a 53(075.8)  |v 3 
801 1 |a RU  |b 63413507  |c 20140520 
801 2 |a RU  |b 63413507  |c 20210603  |g RCR 
942 |c BK